[Event "Dyfed Major op 48th"]
[Site "Fishguard"]
[Date "2019.02.23"]
[Round "3"]
[White "Brewer, Ben"]
[Black "Scott, Paul"]
[Result "1/2-1/2"]
[WhiteElo "1555"]
[BlackElo "1581"]
[PlyCount "88"]
[EventDate "2019.02.22"]
[EventType "swiss"]
[EventRounds "5"]
[EventCountry "WLS"]
[SourceTitle "EXT 2020"]
[Source "ChessBase"]
[SourceDate "2019.10.17"]
[SourceVersion "1"]
[SourceVersionDate "2019.10.17"]
[SourceQuality "1"]

1. Nf3 Nf6 2. c4 g6 3. d4 Bg7 4. Nc3 0-0 5. g3 d6 6. Bg2 c5 7. e3 Na6 8. 0-0 Rb8 9. Nb5 Ra8 10. Re1 Nb4 11. a3 Nc6 12. d5 Nb8 13. Qc2 a6 14. Nc3 Bd7 15. e4 b5 16. Nd2 Nh5 17. Rb1 b4 18. Na4 f5 19. axb4 cxb4 20. exf5 Bxf5 21. Be4 Bxe4 22. Qxe4 Ra7 23. b3 Qe8 24. Bb2 Nf6 25. Qe6+ Qf7 26. h4 Nh5 27. Kg2 Kh8 28. Qxf7 Rxf7 29. Nf3 h6 30. Nd4 Kg8 31. Ne6 Bxb2 32. Rxb2 Ng7 33. Rbe2 Nxe6 34. Rxe6 Kg7 35. f3 a5 36. g4 Na6 37. h5 gxh5 38. gxh5 Kh7 39. Kf2 Nc5 40. Nxc5 dxc5 41. Rc6 a4 42. Ree6 axb3 43. Rxh6+ Kg8 44. Rhg6+ Kh7 1/2-1/2